Statistics for Countries Entirely Between 0° and 10° North

Click here to take the quiz!

General Stats

  • This quiz has been taken 204 times
  • The average score is 5 of 10

Answer Stats

Country% Correct
Singapore
66%
Panama
65%
Guyana
62%
Suriname
62%
Brunei
57%
Sri Lanka
55%
Malaysia
45%
Palau
38%
Liberia
37%
Sierra Leone
33%

Score Distribution

Percentile by Number Answered

Percent of People with Each Score

Your Score History

You have not taken this quiz